000
00260nam a2200121Ia 4500
008
231106s2020 xx 000 0 und d
041
_a
eng
082
_a
743.696
100
_a
EVA DUTTON
245
_a
HARING
260
_b
SEARCH PRESS
_c
2020
300
_a
P-32
999
_c
920127
_d
920127